'Hamilton' Songs Quiz Stats

Quiz Updated Aug 25, 2016

Challenge
Share
Tweet
Embed
Score 0/46 Timer 07:00
8 Plays Today
% Correct
Alexander Hamilton
98.4%
Aaron Burr, Sir
94.8%
My Shot
94.7%
Satisfied
89.9%
Helpless
89.7%
The Story of Tonight
89.2%
The Schuyler Sisters
88.1%
You'll Be Back
84.4%
A Winter's Ball
82.2%
Stay Alive
80.8%
Farmer Refuted
80.8%
Right Hand Man
80.7%
Guns and Ships
80.3%
Cabinet Battle #1
79.9%
Non-Stop
79.3%
Yorktown (The World Turned Upside Down)
78.3%
The Story of Tonight (Reprise)
78.2%
Dear Theodosia
78.2%
Cabinet Battle #2
77.9%
Say No to This
77.8%
Wait for It
76%
Ten Duel Commandments
75.8%
What'd I Miss?
75.6%
% Correct
Burn
75.3%
Take a Break
71.8%
Who Lives, Who Dies, Who Tells Your Story
71.1%
The Reynolds Pamphlet
68.7%
Meet Me Inside
67.6%
What Comes Next?
67.3%
Stay Alive (Reprise)
66.5%
History Has Its Eyes on You
65.7%
That Would Be Enough
65.6%
The Room Where It Happens
65.6%
It's Quiet Uptown
64.4%
The World Was Wide Enough
64.4%
Hurricane
62.7%
The Election of 1800
61.4%
I Know Him
61%
Washington on Your Side
59.9%
Blow Us All Away
59.6%
We Know
59.2%
One Last Time
58.9%
The Adams Administration
58.2%
Best of Wives and Best of Women
55.1%
Your Obedient Servant
52.9%
Schuyler Defeated
52.7%

You're not logged in!

Compare scores with friends on all Sporcle quizzes.
Join for Free
OR
Log In

You Might Also Like...

Show Comments

Extras

Top Quizzes Today


Score Distribution

Your Account Isn't Verified!

In order to create a playlist on Sporcle, you need to verify the email address you used during registration. Go to your Sporcle Settings to finish the process.

Report this User

Report this user for behavior that violates our Community Guidelines.

Details: